000 00621nam a2200217Ia 4500
003 OSt
005 20220925194005.0
006 a|||||r|||| 00| 0
007 ta
008 220923b |||||||| |||| 00| 0 eng d
037 _cGeneral Book
040 _aRTL
_cRTL
_beng
041 _2eng
_aeng
082 _aR3v5:(C6), K4
100 _aCONFORD Francis MacDonald
_9249945
245 0 _aBefore and after Socrates.
260 _aCambridge
_bCambridge university press
_c1966
300 _ax,113p.
_ccm.
942 _hR3v5:(C6), K4
_cGB
_2CC
999 _c527803
_d527803